Statystyki dla Najdroższe transfery Realu Madryt

Kliknij tutaj aby rozwiązać quiz!

Ogólne statystyki

  • Ten quiz został rozwiązany 1 746 razy
  • Średni wynik to 13 z 15

Statystyki odpowiedzi

KwotaSezonNarodowośćTransfer zPozycjaZawodnik% Poprawnych
94 mln €2009/10PortugaliaManchester UnitedNCristiano Ronaldo
100%
45 mln €2002/03BrazyliaInter MediolanNRonaldo Nazario
99%
101 mln €2013/14WaliaTottenham HotspurRWGareth Bale
97%
115 mln €2019/20BelgiaChelsea FCLWEden Hazard
96%
60 mln €2000/01PortugaliaFC BarcelonaPSLuis Figo
88%
77,5 mln €2001/02FrancjaJuventus FCŚPOZinedine Zidane
86%
45 mln €2018/19BrazyliaFC FlamengoLSVinicius Junior
85%
75 mln €2014/15KolumbiaAS MonacoŚPOJames Rodriguez
84%
67 mln €2009/10BrazyliaAC MilanŚPOKaka
82%
45 mln €2019/20BrazyliaSantos FCPSRodrygo
81%
50 mln €2019/20BrazyliaFC PortoŚOEder Militao
78%
48 mln €2019/20FrancjaOlimpique LyonLOFerland Mendy
78%
63 mln €2019/20SerbiaEintracht FrankfurtNLuka Jović
76%
37,5 mln €2003/04AngliaManchester UnitedPPDavid Beckham
75%
38 mln €2015/16ChorwacjaInter MediolanŚPMateo Kovacić
63%

Rozkład punktacji

Percentyl według liczby udzielonych odpowiedzi

Procent ludzi z każdym wynikiem

Twoja historia wyników

Nie rozwiązałeś tego quizu